Arte y civilización de Egipto / (Record no. 104096)

MARC details
000 -LEADER
campo de control de longitud fija 00582nam a2200181 i 4500
001 - NÚMERO DE CONTROL
campo de control 104096
003 - IDENTIFICADOR DE NÚMERO DE CONTROL
campo de control ES-MaACL
005 - FECHA Y HORA DE LA ÚLTIMA TRANSACCIÓN
campo de control 20230906183517.0
007 - CAMPO FIJO DE DESCRIPCIÓN FÍSICA--INFORMACIÓN GENERAL
campo de control de longitud fija t|
008 - DATOS DE LONGITUD FIJA--INFORMACIÓN GENERAL
campo de control de longitud fija 051123s1973 sp ||||1| spa d
100 1# - ENTRADA PRINCIPAL--NOMBRE DE PERSONA
Nombre de persona Michalowski, Kazimierz.
9 (RLIN) 80869
245 10 - MENCIÓN DEL TÍTULO
Título Arte y civilización de Egipto /
Mención de responsabilidad, etc. Kazimierz Michalowski; [traducción de Mariuccia Galfetti de Gili].
260 ## - PUBLICACIÓN, DISTRIBUCIÓN, ETC.
Lugar de publicación, distribución, etc. Barcelona :
Nombre del editor, distribuidor, etc. Gustavo Gili,
Fecha de publicación, distribución, etc. 1973.
300 ## - DESCRIPCIÓN FÍSICA
Extensión 496 p. con 104 lám. ;
Dimensiones 32 cm.
500 ## - NOTA GENERAL
Nota general Es segunda tirada.
700 1# - ENTRADA AGREGADA--NOMBRE PERSONAL
Nombre de persona Galfetti, Mariuccia.
9 (RLIN) 53387
852 ## - LOCALIZACIÓN
Ubicación ES-MaACL
Número de control de estantería E-8778
Sublocalización o colección R.91901
Holdings
Estatus retirado Estado de pérdida Estado de daño No para préstamo Biblioteca de origen Biblioteca actual Ubicación en estantería Fecha de adquisición Fuente de adquisición Total de préstamos Signatura topográfica completa Código de barras Visto por última vez Precio de reemplazo Tipo de ítem Koha
        Biblioteca del Ateneo de Madrid Biblioteca del Ateneo de Madrid Depósito 2 17/01/2008     E-8778 1108686 23/02/2023 23/02/2023 Libro impreso